Historia de Iglesia

Wedi'i Gadw mewn:
Manylion Llyfryddiaeth
Prif Awdur: Laboa, Juan María (autor)
Awduron Eraill: Alvarez Gómez, Jesús (coautor), Sánchez Herrero, José (coautor), García Oro, José (coautor)
Fformat: Llyfr
Iaith:Sbaeneg
Cyhoeddwyd: Madrid, España Biblioteca de Autores Cristianos 2002
Cyfres:Sapientia Fidei. Serie de Manuales de Teología, 27
Pynciau:
Tagiau: Ychwanegu Tag
Dim Tagiau, Byddwch y cyntaf i dagio'r cofnod hwn!

MARC

LEADER 00000cam a2200000 a 4500
001 UCK6322
003 CL-VaPUC
005 20230809145305.0
008 050916e20020000SP |||||||||||||||||spa|d
999 |c 314618  |d 314616 
020 |a 8479145641v.1 
020 |a 847914601Xv.4 
040 |c Pontificia Universidad Católica de Valparaíso 
082 0 4 |a 270 HIS 2002  |2 21 
100 |a Laboa, Juan María  |e autor  |9 443395 
245 1 0 |a Historia de Iglesia 
260 |a Madrid, España  |b Biblioteca de Autores Cristianos  |c 2002 
300 |a volúmenes 
490 0 |a Sapientia Fidei. Serie de Manuales de Teología,  |v  27 
500 |a v.1: Edad antigua, Escrito por Jesús Alvarez Gómez 
500 |a v.2: Edad Media, Escrito por José Sánchez Herrero 
500 |a v.3: Edad Moderna, Escrito por José García Oro 
500 |a v.4: Epoca contemporánea, Escrito por Juan María Laboa 
583 |a last modification  |c 20160912 05:22:29  |k Rodrigo Vera 
650 0 |a Cristianismo  |9 257361 
650 7 |a HISTORIA DE LA IGLESIA  |2 CL-VaPUC  |9 495479 
650 7 |a IGLESIA CATOLICA  |2 CL-VaPUC  |9 329330  |y SIGLO 20 
650 7 |a EDAD ANTIGUA  |2 CL-VaPUC  |9 338313 
700 |a Alvarez Gómez, Jesús  |e coautor  |9 495476 
700 |a Sánchez Herrero, José  |e coautor  |9 495477 
700 |a García Oro, José  |e coautor  |9 495478 
852 |a BIBCUR 
942 |c BK  |2 ddc 
945 |d 20050916 00:00:00  |a jcarroza 
952 |0 0  |1 0  |2 ddc  |4 0  |6 270_000000000000000_HIS_2002  |7 0  |8 A  |9 387161  |a BIBTEO  |b BIBTEO  |d 2019-11-22  |h v.4  |i 4165683  |l 1  |o 270 HIS 2002  |p 4165683  |r 2025-01-17  |s 2022-11-29  |t 1  |w 2019-11-22  |y BK  |k ICR 
952 |0 0  |1 0  |2 ddc  |4 0  |6 270_000000000000000_HIS_2002  |7 0  |8 A  |9 387162  |a BIBTEO  |b BIBTEO  |d 2019-11-22  |h v.4  |i 4165675  |o 270 HIS 2002  |p 4165675  |r 2025-01-17  |t 2  |w 2019-11-22  |y BK  |k ICR 
952 |0 0  |1 0  |2 ddc  |4 0  |6 270_000000000000000_HIS_2002  |7 0  |8 A  |9 387163  |a BIBTEO  |b BIBTEO  |d 2019-11-22  |h v.4  |i 4173368  |l 1  |m 2  |o 270 HIS 2002  |p 4173368  |r 2025-01-17  |s 2022-12-20  |t 3  |w 2019-11-22  |y BK  |k ICR 
952 |0 0  |1 0  |2 ddc  |4 0  |6 270_000000000000000_HIS_2002  |7 0  |8 A  |9 387164  |a BIBTEO  |b BIBTEO  |d 2019-11-22  |h v.1  |i 417335K  |l 3  |m 5  |o 270 HIS 2002  |p 417335K  |r 2025-01-17  |s 2023-05-29  |t 1  |w 2019-11-22  |y BK  |k ICR 
952 |0 0  |1 0  |2 ddc  |4 0  |6 270_000000000000000_HIS_2002  |7 0  |8 A  |9 387165  |a BIBTEO  |b BIBTEO  |d 2019-11-22  |h v.1  |i 4266617  |l 3  |m 1  |o 270 HIS 2002  |p 4266617  |r 2025-01-17  |s 2023-03-22  |t 2  |w 2019-11-22  |y BK  |k ICR 
952 |0 0  |1 0  |2 ddc  |4 0  |6 270_000000000000000_HIS_2002  |7 0  |8 A  |9 387166  |a BIBTEO  |b BIBTEO  |d 2019-11-22  |h v.2  |i 4266625  |l 1  |m 2  |o 270 HIS 2002  |p 4266625  |r 2025-01-17  |s 2022-12-20  |t 1  |w 2019-11-22  |y BK  |k ICR 
952 |0 0  |1 0  |2 ddc  |4 0  |6 270_000000000000000_HIS_2002  |7 0  |8 A  |9 387167  |a BIBTEO  |b BIBTEO  |d 2019-11-22  |h v.3  |i 4266633  |l 1  |m 3  |o 270 HIS 2002  |p 4266633  |r 2025-01-17  |s 2022-12-20  |t 1  |w 2019-11-22  |y BK  |k ICR 
952 |0 0  |1 0  |2 ddc  |4 0  |6 270_000000000000000_HIS_2002  |7 0  |8 A  |9 387168  |a BIBTEO  |b BIBTEO  |d 2019-11-22  |h v.4  |i 4266560  |l 1  |m 1  |o 270 HIS 2002  |p 4266560  |r 2025-01-17  |s 2022-11-15  |t 4  |w 2019-11-22  |y BK  |k ICR